Statistiques concernant Quel est ce Pokémon ? par image #4

Cliquez ici pour prendre le quiz!

Statistiques générales

  • Ce quiz a été pris 49 fois
  • Le résultat moyen est 11 sur 16

Statistiques - réponses

Réponse% Correct
Drattak
91%
Luxray
91%
Rhinoféros
86%
Electrode
84%
Apireine
81%
Hypotrempe
81%
Cacturne
79%
Laggron
79%
Chamallot
74%
Lougaroc
74%
Drackhaus
70%
Volcanion
63%
Larméléon
51%
Grimalin
40%
Melmetal Gigamax
33%
Olivado
33%

Distribution des résultats

Percentile par nombre de réponses

% des personnes avec chaque résultat

Votre développement - résultats

Vous n’avez pas pris ce quiz